[Event "RUS-ch 54th"]
[Site "Elista"]
[Date "2001.05.02"]
[Round "3"]
[White "Kharlov, Andrei"]
[Black "Vaulin, Alexander"]
[Result "1-0"]
[WhiteElo "2639"]
[BlackElo "2540"]
[Annotator "Tsesarsky"]
[PlyCount "115"]
[EventDate "2001.04.29"]
[EventType "swiss"]
[EventRounds "9"]
[EventCountry "RUS"]
[SourceTitle "CBM 083"]
[Source "ChessBase"]
[SourceDate "2001.07.05"]
[SourceVersion "1"]
[SourceVersionDate "2001.07.05"]
[SourceQuality "1"]

1. d4 Nf6 2. c4 c5 3. d5 g6 4. Nc3 Bg7 5. e4 d6 6. h3 O-O 7. Nf3 e6 8. Bd3 Na6
(8... exd5 {-mainline.}) 9. O-O e5 {This move disadvantages are first of all
tempo loss. In other side, PP structure is stable and closed, so this factor
(tempo loss) is not so important. Of course, Bg7 obstruction by Pe5, doesn't
add nothing to Black. However, Vaulin didn't want to play sharp theoretical
variation with Kharlov.} (9... Nc7 {-mainline}) 10. Bg5 h6 11. Be3 Kh8 $146 ({
After} 11... Nh7 {Black had to sacrifice Ph:} 12. Qd2 ({Or} 12. Qc1 f5 13. Bxh6
f4 14. Bxg7 Kxg7 15. Rd1 Ng5 16. Nxg5 (16. Be2 Rh8 17. Kf1 Bxh3 18. gxh3 Rxh3
19. Ng1 (19. Nxg5 Rh1+ $1 20. Kg2 Qxg5+ 21. Kxh1 Rh8+ $19) 19... Rh1 20. Bg4 f3
{Worth os attention} 21. Qe3 (21. a3 $6 Qf6 22. Rd3 (22. Qe3 Rah8 $17 {[%cal
Gg5h3]}) 22... Rah8 23. Qe3 Nh3 24. Bxh3 R8xh3 $17 {0-1 Matveeva,S-Radziewicz,
I/Warsaw POL 2001/The Week in Chess 338 (64)}) 21... Qf6 22. Nb5 $16 {[%csl
Rd6][%cal Gb5d6] threatening Nxd6, and it is not easy for Black to justify
piece sacrifice.}) 16... Qxg5 17. Kf1 Qh4 (17... Rh8 {[%csl Rh3][%cal Gc8h3]}
18. Nb5 Bxh3 19. gxh3 Rxh3 20. Ke1 (20. Nxd6 Nb4 $17) 20... Qg1+ 21. Ke2 Qg2
22. a3 Re3+ 23. Kd2 Qxf2+ 24. Kc3 Rd8 25. Qd2 $18) 18. Be2 f3 19. Bxf3 Bxh3 20.
Qe3 Rxf3 $3 21. Qxf3 Bg4 $19) 12... f5 13. Bxh6 f4 14. Bxg7 Kxg7 15. Be2 (15.
Rfe1 Ng5 16. Nxg5 Qxg5 17. Kf1 Rh8 18. Rec1 $5 (18. Be2 Rxh3 $17 {0-1 Bilobrk,
F-Bistric,F/Pula 1996/EXT 99 (25)}) (18. Bc2 $2 Bxh3 19. gxh3 Rxh3 $19) 18...
Bxh3 19. gxh3 Rxh3 20. Ke1 $1 Qg1+ 21. Bf1 f3 $1 {[%csl Rf1][%cal Gg1f1]} 22.
Ne2 fxe2 23. Qxe2 Rf8 $17) 15... Ng5 16. Rfc1 (16. Rfb1 Rh8 (16... Nxh3+ $2 17.
gxh3 (17. Kf1 $2 $132 {0-1 Bente,B-Korsus,B/Germany 1999/EXT 2001 (73)}) 17...
Bxh3 18. Bf1 Qd7 19. Nh2 Bxf1 20. Rxf1 Rh8 21. f3 Rh5 22. Rf2 Rah8 23. a3 $16)
17. Kf1 Bxh3 18. gxh3 Rxh3 19. Ng1 Qd7 20. Qd1 f3 21. Bxf3 Rxf3 22. Nxf3 Qh3+
23. Ke2 Qxf3+ 24. Kd2 Qxf2+ 25. Qe2 Nf3+ 26. Kc1 Qg3 $44 {1/2-1/2 Georgiev,
K-Pavlovic,M/Arandjelovac 1991/TD (37)}) 16... Rh8 17. Kf1 $1 (17. Nxg5 $6 Qxg5
18. Kf1 Rxh3 19. Bf3 Bg4 20. gxh3 Bxf3 21. Qd3 Qg2+ 22. Ke1 Nb4 23. Qf1 Qxf1+
24. Kxf1 Rh8 $17 {0-1 Dzevlan,M-Vasiljevic,D/Cetinje 1990/EXT 97 (47)}) 17...
Bxh3 18. gxh3 Rxh3 19. Ng1 Rh1 20. Bg4 Qf6 21. Ke2 $16 {We can already
summarize 11..Nh7 move results: P sacrifice is dubious, so Vaulin didn't want
to play this subvariation.}) (11... Ne8 12. Qd2 $5 (12. Nd2 f5 13. exf5 gxf5
14. f4 e4 15. Be2 Bd4 16. Bxd4 cxd4 $17 {1/2-1/2 Riline Orso,A-Ortiz,W/Roque
Saenz Pena 1997/EXT 98 (29)}) 12... Kh7 13. a3 f5 14. exf5 gxf5 15. Nh2 $14 {
[%cal Gd3h7]}) ({After} 11... Nh5 {White also can get an advantage:} 12. Re1 (
12. Qd2 g5 (12... Kh7 13. Kh2 Qf6 {-see commented game 1-0 Magerramov,
E-Minasian,A/Moscow 1991/URS-ch[Belov,I] (79)}) 13. Rfe1 Qf6 14. Nh2 Qg6 15.
Be2 $14 {[%cal Ge2g4]} (15. Bf1 Bd7 16. g4 Nf4 17. f3 $14 {[%cal Ga2a3,Gb2b4]
1/2-1/2 Demirel,T-Soylu,S/Budapest 1993/EXT 97 (18)})) 12... Bd7 (12... Qe7 13.
Qd2 g5 14. Nh2 Nf4 15. Bc2 Bd7 16. Bd1 $16 {[%csl Rf5,Rh5][%cal Gd1g4] 1/2-1/2
Saldano,H-Giaccio,A/Buenos Aires 1994/EXT 97 (33)}) 13. a3 Be8 {[%cal Ge8h5,
Gf7f5]} 14. Qd2 g5 15. Ne2 $5 $14 {1/2-1/2 Har Zvi,R-Smirin,I/Israel 1996/CBM
52 ext (52)} (15. Nh2 $5 Nf4 16. Bc2 $14 {[%cal Gc2d1] -Tsesarsky})) 12. Qd2
Ng8 {This is previous move's idea - to protect Ph6 by Ng8.} 13. Nh2 f5 14. exf5
gxf5 15. f4 e4 16. Be2 $14 {White's plan in this position is to prepare g2-g4
promotion. Black had to take it into account.} Bd7 (16... Qe8 {[%cal Gh6h5]}
17. g4 $1 $14) 17. Kh1 Nc7 18. Rg1 a6 (18... Qh4 19. g3 $1 Qe7 (19... Qxh3 20.
Nd1 $18) 20. Raf1 $14 {[%cal Gg3g4]}) 19. Raf1 b5 20. b3 bxc4 (20... Qf6 21.
Nd1 $14 {[%cal Gg2g4]}) 21. bxc4 {The last PP exchange didn't change the
position, Black can't organize serious counterplay on the opened b-line.} Rb8
22. g4 Qh4 23. g5 $1 {[%mdl 544] Nice positional P sacrifice!} (23. gxf5 $2
Bxf5 24. Bg4 Ne7 25. Bf2 Qf6 26. Bxf5 Qxf5 $132) 23... Qxh3 24. Nd1 Be8 ({
In case of} 24... Ne7 25. Qe1 {White also has an advantage:} hxg5 (25... Bd4
26. Rg3 Qh4 27. Qf2 Bg7 28. Rfg1 $18) (25... Rg8 26. Rg3 Qh4 27. gxh6 Qxh6 28.
Nf2 Qf6 29. Rh3+ Bh6 30. Nxe4 $1 fxe4 31. f5 {[%csl Rh6]} Nxf5 32. Ng4 $18) 26.
Rxg5 {[%cal Gg5h5]} Be8 27. Rfg1 {[%csl Rh3,Rh8]} Rg8 28. Bf1 Qh7 29. R1g3 {
[%cal Gg3h3]} Bh6 30. Rh3 Rg6 31. Qh4 Ng8 32. Bd2 Qf7 33. Ne3 $16) 25. Qe1 hxg5
26. Rxg5 Bf6 27. Rg3 Qh7 28. Rfg1 Bf7 ({After} 28... Nh6 29. Rh3 Bf7 30. Nf1
Rg8 31. Ng3 {[%csl Re4][%cal Gg1g2,Gg2h2,Gg3e4]} Bg7 32. Rg2 $16 {[%csl Rh6,
Rh7,Rh8][%cal Gg2h2] Black totally paralysed. White has a number of
possibilities to increase pressure.}) 29. Bd2 (29. Bf1 Bh4 30. Qc3+ Bf6 31. Qa5
Rb7 32. Rh3 Nh6 33. Be2 Rg8 34. Rg5 $1 $16) 29... Ne8 {Black brings his "bad"
Nc7 to the kingside.} 30. Bc3 $1 {Weakening black squares in the kingside.} Nh6
31. Bxf6+ Nxf6 32. Qc3 {[%cal Gc3h8]} Be8 $8 33. Ne3 Rb7 34. Rh3 Bg6 35. Nhf1 (
{Interesting was} 35. Neg4 $5 {but maybe Kharlov supposed, he won't recieve
enough advantage:} fxg4 36. Nxg4 Nhxg4 $8 37. Bxg4 e3 $1 38. Rgg3 Rg7 39. Rxh7+
Bxh7 40. Qb2 $16) 35... Rg7 36. Rg5 ({Or} 36. Rg2 $16) 36... Nfg8 {Black
pieces on the corner are really ugly.} 37. Ng3 ({Wins easily} 37. Bh5 $1 Bxh5
38. Rhxh5 Nf6 39. Rxg7 Qxg7 40. Nxf5 Nxh5 41. Nxg7 Nxg7 42. Qe3 $18) 37... Rf6
38. Qb2 Rb7 39. Qa1 Rg7 40. Kg2 $22 a5 41. Bh5 $1 {At last, maybe after time
control pass.} Bxh5 42. Nxh5 $6 (42. Rhxh5 $142 $1 Rff7 43. Nexf5 Nxf5 44.
Rxh7+ Kxh7 45. Nxe4 $18) 42... Rxg5+ 43. fxg5 Qg6 44. Nxf6 Qxg5+ 45. Neg4 ({Or
} 45. Nfg4+ Kh7 46. Rxh6+ Nxh6 47. Qf6 Qxf6 48. Nxf6+ Kg6 49. Ne8 f4 50. Nd1
Nf7 51. Nc3 $16) 45... fxg4 ({Loses also} 45... Qg7 46. Rh1 {[%cal Gh1a1]} fxg4
47. Ne8 Qxa1 48. Rxa1 Nf5 49. Rh1+ Ngh6 50. Nxd6 $18) 46. Nxe4+ Qg7 47. Qxg7+
Kxg7 48. Ra3 $18 Nf5 49. Rxa5 Nf6 50. Ra7+ Kg6 51. Nxf6 (51. Nd2 $18) 51...
Kxf6 52. a4 Ne3+ 53. Kg3 Nxc4 54. a5 Ke5 55. a6 Kxd5 56. Rc7 Nb6 57. a7 c4 58.
Rb7 {Very good achievement of Kharlov!} 1-0

[Event "RUS-ch 54th"]
[Site "Elista"]
[Date "2001.05.06"]
[Round "6"]
[White "Lastin, Alexander"]
[Black "Kharlov, Andrei"]
[Result "1/2-1/2"]
[WhiteElo "2627"]
[BlackElo "2639"]
[PlyCount "105"]
[EventDate "2001.04.29"]
[EventType "swiss"]
[EventRounds "9"]
[EventCountry "RUS"]
[SourceTitle "CBM 083"]
[Source "ChessBase"]
[SourceDate "2001.07.05"]
[SourceVersion "1"]
[SourceVersionDate "2001.07.05"]
[SourceQuality "1"]

1. e4 c5 2. Nf3 Nc6 3. Bb5 d6 4. O-O Bd7 5. Re1 Nf6 6. c3 a6 7. Ba4 c4 8. d4
cxd3 9. Bg5 e6 10. Qxd3 Be7 11. Bxf6 gxf6 12. Bxc6 bxc6 13. Nbd2 O-O 14. Rad1
c5 15. Qe3 Kh8 16. Qf4 Bb5 17. Nf1 Rg8 18. Rd2 Qf8 19. Red1 Qg7 20. Ng3 a5 21.
h3 a4 22. b3 Qg6 23. Kh2 Bf8 24. Rxd6 Bxd6 25. Rxd6 axb3 26. axb3 Rac8 27. Qe3
Bc6 28. c4 Kg7 29. Ne1 Qh6 30. Qxc5 Bxe4 31. Qd4 Ba8 32. Nd3 Kh8 33. Rd7 Qg6
34. Nf4 Qh6 35. Nd3 Qg7 36. Qa7 Rgf8 37. Nf4 Qg5 38. Nfe2 Qc5 39. Nf4 Qxa7 40.
Rxa7 Rb8 41. Ngh5 Rxb3 42. Nxf6 Bb7 43. Ra5 Ra8 44. Rg5 Rc3 45. N4h5 Rxc4 46.
f3 Rh4 47. Kg3 Rxh5 48. Nxh5 h6 49. Rg7 Rg8 50. Rxg8+ Kxg8 51. Kf4 Kh7 52. Ke5
Kg6 53. Nf6 1/2-1/2

[Event "RUS-ch 54th"]
[Site "Elista"]
[Date "2001.05.07"]
[Round "7"]
[White "Kharlov, Andrei"]
[Black "Aseev, Konstantin"]
[Result "1/2-1/2"]
[WhiteElo "2639"]
[BlackElo "2577"]
[PlyCount "23"]
[EventDate "2001.04.29"]
[EventType "swiss"]
[EventRounds "9"]
[EventCountry "RUS"]
[SourceTitle "CBM 083"]
[Source "ChessBase"]
[SourceDate "2001.07.05"]
[SourceVersion "1"]
[SourceVersionDate "2001.07.05"]
[SourceQuality "1"]

1. d4 Nf6 2. c4 e6 3. Nc3 Bb4 4. f3 d5 5. a3 Bxc3+ 6. bxc3 c5 7. cxd5 Nxd5 8.
Qd3 b6 9. e4 Ba6 10. Qd2 Bxf1 11. Kxf1 Ne7 12. Ne2 1/2-1/2

[Event "RUS-ch 54th"]
[Site "Elista"]
[Date "2001.05.08"]
[Round "8"]
[White "Yakovich, Yuri"]
[Black "Kharlov, Andrei"]
[Result "0-1"]
[WhiteElo "2577"]
[BlackElo "2639"]
[Annotator "Tyomkin,D"]
[PlyCount "120"]
[EventDate "2001.04.29"]
[EventType "swiss"]
[EventRounds "9"]
[EventCountry "RUS"]
[SourceTitle "CBM 083"]
[Source "ChessBase"]
[SourceDate "2001.07.05"]
[SourceVersion "1"]
[SourceVersionDate "2001.07.05"]
[SourceQuality "1"]

1. d4 d5 2. Nf3 e6 3. c4 c6 4. e3 f5 5. Bd3 Nf6 6. O-O Bd6 7. b3 Qe7 8. Bb2 O-O
(8... b6 {and Bb7 is possible before black's castle- see games;}) (8... b6 9.
cxd5 (9. Nc3 Ne4 10. Rc1 Bb7 11. Ne5 O-O 12. cxd5 exd5 13. Ne2 Bxe5 14. dxe5
Nd7 15. f4 c5 $132 {1-0 Tkachiev,V-Tregubov,P/Cap d'Agde FRA 2000/The Week in
Chess 314 (34)}) 9... cxd5 10. Qc1 Bb7 11. Ba3 Nbd7 12. Qb2 Bxa3 13. Nxa3 O-O
14. Rac1 Rfc8 15. Nb5 {1/2-1/2 Onischuk,A-Grischuk,A/Tomsk RUS 2001/The Week
in Chess 342 (15)}) 9. Qc1 {Preparing to trade bishops and queens by Ba3; What
is interesting, that Tkachiev, in both of his games in this variation this
year, didn't go for this trade and developed his pieces by Nc3 and Rc1 or Ne2
and Ne5 then;} (9. Ne5 b6 10. cxd5 $146 cxd5 (10... exd5 $5 {Tyomkin,D} 11. Nd2
(11. Qc2 $6 Bxe5 $1 12. dxe5 Ng4 13. Qc3 Re8 14. f4 Nxe3 15. Re1 c5 $1 $17 {
[%cal Gd5d4]}) 11... g6 12. Rc1 Bb7 $11 {[%cal Gc6c5]}) 11. f3 Bb7 12. Nc3 a6
13. Rc1 Nc6 $10 {0-1 Bareev,E-Krasenkow,M/Groningen 1997/CBM 63/[Krasenkow] 
(31)}) (9. Nc3 Ne4 10. Ne2 Nd7 11. Ne5 Nxe5 12. dxe5 Bc7 13. Qc2 Bd7 14. Rac1
Rfc8 15. f3 Bb6 16. Nd4 Nc5 17. Be2 a5 18. Rfd1 Na6 19. Qd2 {1/2-1/2 Tkachiev,
V-Grischuk,A/New Delhi/Theran 2000/CBM 80 (19)}) 9... b6 {Black has a big
choice of moves instead: Ne4 and g5 are main alternatives;} 10. Ba3 Bb7 {
Also here many moves were tried for black, but 10.Bb7 is a main one;} (10... c5
11. cxd5 (11. Nc3 $143 Ba6 $1 12. dxc5 Bxc5 13. Bxc5 Qxc5 14. Nd4 dxc4 15. Bxc4
Bxc4 16. Na4 Qc8 17. Qxc4 Qxc4 18. bxc4 Kf7 19. c5 Nbd7 20. Rfc1 {1/2-1/2
Korchnoi,V-Malakhov,V/Tomsk RUS 2001/The Week in Chess 342 (20)}) 11... exd5 (
11... Nxd5 $5) 12. Nc3 Ba6 13. dxc5 Bxc5 14. Bxc5 bxc5 15. Rd1 $16 {Black
pawns over the 5th rank are vulnerable;}) 11. Bxd6 Qxd6 12. Qa3 c5 13. cxd5
Nxd5 14. dxc5 bxc5 15. Be2 (15. Rd1 $6 $11 {(Tsesarsky) A little tactical
blunder} Nxe3 $1 16. fxe3 Bxf3 17. gxf3 Qe5 18. Nc3 (18. Bc4 Qxa1 19. Bxe6+ Kh8
20. Qxc5 Qf6 21. Qxf5 Nc6 22. Qxf6 Rxf6 23. Bd5 Rc8 $132) 18... Qxc3 19. Rac1
Qf6 {1-0 Balashov,Y-Beshukov,S/St Petersburg 2000/CBM 75/[Tsesarsky] (41)})
15... f4 $146 (15... Nd7 {Tsesarsky} 16. Nbd2 Nc3 17. Bc4 $5 Nb6 18. Qb2 Ne4
19. Nxe4 Bxe4 20. Be2 $1 Rad8 21. Rfd1 $14 {1-0 Kharitonov,A-Savon,V/Moscow1
1995/EXP 46 (76)}) 16. e4 Nb4 {[%csl Re4][%cal Rb4c2]} 17. e5 (17. Qb2 $5 Bxe4
18. Nc3 Bb7 19. Rad1 $44 {white has a compensation, which appears in
development advantage and in black pawn weaknesses all over.}) 17... Qe7 18.
Qb2 N8c6 19. Nbd2 $2 {[%mdl 16384] Missing next idea of black;} (19. a3 $142
Nd5 20. Nc3 $11 {and position is balanced;}) 19... Nd4 20. Nxd4 cxd4 $1 {
Black has got dangerous passed pawn in the center, which becomes the main
aspect of following play;} 21. Bf3 (21. Qxd4 Nc2 $17) 21... d3 22. Bxb7 Qxb7
$17 {White has nothing to oppose against black's dangerous passed pawn d3.} 23.
Nf3 Rad8 24. Rad1 Rd5 25. Rd2 Rfd8 {Just extra-protection of d-pawn, which
binds all white pieces;} 26. Re1 Ra5 {Black's idea is to create additional
weanesses in white's position;} 27. a3 (27. Qb1 Qa6 {forcing a-pawn of white
to move;}) 27... Nc2 28. Red1 Rad5 29. Ne1 Nxe1 30. Rxe1 f3 $1 {Creating
weaknesses also on the kingside;} 31. gxf3 {After 31.g3, black couldn't use
the weakness of white king at once, but had stayed with better position anyhow;
Probably, it was better defensive chance;} (31. g3 Qf7 32. Re3 Qf5 33. Qc3 (33.
Qa1 {[%cal Ga1f1]} g5 $15 {[%cal Gg5g4]}) 33... Rf8 {[%cal Gf5h3]} (33... g5 $5
) 34. Qa1 {[%cal Ga1f1]} Qh3 35. Qf1 Qxf1+ 36. Kxf1 Rc8 37. Rxf3 Rc3 {still
better for black but very close to draw;}) 31... Rb5 32. Qc3 {White tries to
create some counterplay getting out with the queen;} (32. b4 Qxf3 33. Re3 Qg4+
34. Rg3 Qc4 $17 {[%csl Yd3,Re5][%cal Ga7a5]}) 32... Rxb3 33. Qc4 Qd5 34. Qxd5
Rxd5 $19 {The ending should be winning for black, and Kharlov shows good
technical skills;} 35. a4 Kf7 36. Re4 a5 (36... Rc3 {[%cal Rc3c2]} 37. Kg2) 37.
f4 Rb4 $1 {Trading the active rook of white;} 38. Rxb4 (38. f3 Rxe4 (38... Rdd4
$5) 39. fxe4 Rd4 40. Kg2 Rxe4 41. Kf3 $1 Rxa4 42. Rxd3 Kg6 $19 {[%cal Gg6f5,
Ga4b4,Ga5a4]}) 38... axb4 39. Kf1 Ke7 40. Ke1 Kd7 41. Rb2 Rd4 42. a5 Kc6 43. a6
Kb6 44. Ra2 Ka7 {Black is in time to block a-pawn with the king;} 45. Kd2 g6
46. h3 $2 {It helps black to destroy more white pawns, but white can not save
the game anyhow:} (46. Ra4 $142 Rxf4 47. Kxd3 g5 (47... Rxf2 48. Rxb4 Rxh2 49.
Rb7+ Kxa6 50. Re7 {with good chances for a draw;}) 48. Ra2 (48. Ke3 b3 $1 $19)
48... b3 49. Rb2 Kxa6 50. Rxb3 Rf3+ 51. Kc4 Rxb3 52. Kxb3 Kb5 $19 {[%csl Re5]
[%cal Gb5c5,Gc5d5]}) 46... Rxf4 47. Kxd3 b3 $1 {Moving the pawn to the same
rank as h3 pawn.} 48. Rb2 Rf3+ 49. Kc4 Rxh3 50. Kb5 Rd3 51. f4 (51. Kc4 Rf3 52.
Kc5 h5 53. Kd6 h4 54. Kxe6 h3 55. Kd5 h2 56. Rb1 b2 $19 {[%cal Gf3h3]}) 51...
Rd8 {Moving the rook behind b3-pawn.} 52. Kc6 (52. Rxb3 Rb8+ 53. Kc4 Rxb3 $19)
52... Rb8 53. Kd7 Rb6 {[%cal Gb6e6,Yb6b3]} 54. Ke7 Kxa6 55. Kf7 Ka5 56. Kg7
Rb7+ $1 {[%csl Gh7] Pawn h7 is more important here than e6, although black can
give h7 pawn as well;} (56... Kb4 57. Kxh7 Kc3 58. Rb1 Kc2 59. Rg1 Rb4 $1 (
59... b2 $2 60. Kxg6 b1=Q 61. Rxb1 Rxb1 (61... Kxb1 62. f5 exf5+ 63. Kxf5 Kc2
64. e6 $11) 62. f5 exf5 63. Kxf5 $11) 60. Kxg6 Rxf4 $19) 57. Kf6 Ka4 58. Kxe6
Ka3 59. Rb1 b2 60. Kf6 Rb4 {Black wins f-pawn,destroying the last hope of
white;} 0-1

[Event "RUS-ch 54th"]
[Site "Elista"]
[Date "2001.05.09"]
[Round "9"]
[White "Kharlov, Andrei"]
[Black "Motylev, Alexander"]
[Result "1/2-1/2"]
[WhiteElo "2639"]
[BlackElo "2601"]
[PlyCount "73"]
[EventDate "2001.04.29"]
[EventType "swiss"]
[EventRounds "9"]
[EventCountry "RUS"]
[SourceTitle "CBM 083"]
[Source "ChessBase"]
[SourceDate "2001.07.05"]
[SourceVersion "1"]
[SourceVersionDate "2001.07.05"]
[SourceQuality "1"]

1. d4 d5 2. c4 c6 3. Nf3 Nf6 4. Nc3 dxc4 5. a4 Bf5 6. Nh4 e6 7. Nxf5 exf5 8. e3
Bb4 9. Bxc4 O-O 10. O-O Nbd7 11. h3 Rc8 12. Qb3 Qb6 13. Na2 Bd6 14. Qxb6 Nxb6
15. Bd3 g6 16. a5 Nbd5 17. a6 b6 18. Bd2 Rfe8 19. g3 h5 20. h4 Ne4 21. Rfd1
Nxd2 22. Rxd2 Nxe3 23. fxe3 Rxe3 24. Kf2 Rxg3 25. Rh1 Rd8 26. Nc3 Rg4 27. Be2
Rxd4 28. Rxd4 Bc5 29. Rhd1 Rxd4 30. Kg2 Rxh4 31. Rd7 b5 32. Bf3 Rb4 33. Rd2 Rd4
34. Rc2 Rd6 35. Ne2 Be3 36. b4 Rd2 37. Rxd2 1/2-1/2

[Event "RUS-chT"]
[Site "Tomsk"]
[Date "2001.05.14"]
[Round "2"]
[White "Kharlov, Andrei"]
[Black "Vokarev, Sergey"]
[Result "1-0"]
[WhiteElo "2639"]
[BlackElo "2498"]
[PlyCount "65"]
[EventDate "2001.05.13"]
[EventType "team"]
[EventRounds "8"]
[EventCountry "RUS"]
[SourceTitle "CBM 082 ext"]
[Source "ChessBase"]
[SourceDate "2001.07.03"]
[SourceVersion "1"]
[SourceVersionDate "2001.07.03"]
[SourceQuality "1"]

1. d4 d5 2. c4 c6 3. Nf3 Nf6 4. Nc3 dxc4 5. a4 Bf5 6. Nh4 e6 7. Nxf5 exf5 8. e3
Bb4 9. Bxc4 O-O 10. O-O Nbd7 11. h3 g6 12. Qb3 Qb6 13. Bd2 a5 14. Rad1 Rad8 15.
Bc1 Qc7 16. e4 Bxc3 17. bxc3 Nxe4 18. Bh6 b5 19. axb5 cxb5 20. Bxb5 Qxc3 21.
Rd3 Qxb3 22. Rxb3 Rfe8 23. Ba4 g5 24. Bxg5 Nxg5 25. Rg3 h6 26. f4 f6 27. h4 Re4
28. hxg5 hxg5 29. fxg5 Rxd4 30. Bb3+ Kg7 31. Rxf5 Kg6 32. Bc2 Rd1+ 33. Rf1+ 1-0

[Event "RUS-chT"]
[Site "Tomsk"]
[Date "2001.05.19"]
[Round "6"]
[White "Kharlov, Andrei"]
[Black "Diu, Viacheslav"]
[Result "1-0"]
[WhiteElo "2639"]
[BlackElo "2445"]
[PlyCount "91"]
[EventDate "2001.05.13"]
[EventType "team"]
[EventRounds "8"]
[EventCountry "RUS"]
[SourceTitle "CBM 082 ext"]
[Source "ChessBase"]
[SourceDate "2001.07.03"]
[SourceVersion "1"]
[SourceVersionDate "2001.07.03"]
[SourceQuality "1"]

1. c4 e5 2. Nc3 Nf6 3. Nf3 Nc6 4. e3 Bb4 5. Qc2 Bxc3 6. Qxc3 Qe7 7. a3 a5 8. b3
d5 9. d4 exd4 10. Nxd4 Ne5 11. Nf3 Nxf3+ 12. gxf3 dxc4 13. Bxc4 Be6 14. Be2 O-O
15. Bb2 Ne8 16. Rg1 f6 17. Rc1 c6 18. Bd3 Qf7 19. Qd4 Qh5 20. Rc5 Qxh2 21. Rg3
Rf7 22. Qe4 Qh1+ 23. Bf1 Nc7 24. Bd4 Rd8 25. Rxa5 Rfd7 26. Qf4 Rxd4 27. exd4
Nd5 28. Qe4 Bd7 29. Rxd5 cxd5 30. Qxd5+ Kh8 31. Qf7 Re8+ 32. Kd2 Qh6+ 33. Kd1
Bc6 34. f4 Rd8 35. Ke1 Bd5 36. Qe7 Rg8 37. Qe3 Qh5 38. Rh3 Qf7 39. Rxh7+ Kxh7
40. Qh3+ Kg6 41. f5+ Kg5 42. Be2 g6 43. f4+ Kxf4 44. Qh4+ Ke3 45. Qf2+ Ke4 46.
Bf3+ 1-0

[Event "RUS-chT"]
[Site "Tomsk"]
[Date "2001.05.20"]
[Round "7"]
[White "Kharlov, Andrei"]
[Black "Petukhov, Valery"]
[Result "1-0"]
[WhiteElo "2639"]
[BlackElo "2497"]
[PlyCount "81"]
[EventDate "2001.05.13"]
[EventType "team"]
[EventRounds "8"]
[EventCountry "RUS"]
[SourceTitle "CBM 082 ext"]
[Source "ChessBase"]
[SourceDate "2001.07.03"]
[SourceVersion "1"]
[SourceVersionDate "2001.07.03"]
[SourceQuality "1"]

1. d4 d5 2. c4 e6 3. Nc3 Nf6 4. cxd5 exd5 5. Bg5 Be7 6. e3 c6 7. Bd3 Nbd7 8.
Nf3 O-O 9. Qc2 Re8 10. O-O Ne4 11. Bxe4 dxe4 12. Nxe4 Bxg5 13. Nexg5 Nf8 14.
Ne4 Bf5 15. Nfd2 Bg6 16. Rfe1 Qe7 17. f3 Rad8 18. Qc3 Rd5 19. b4 Ne6 20. Nc5 f5
21. Nc4 Ng5 22. Ne5 Bh5 23. Ncd3 Ne6 24. a4 Red8 25. Rad1 Qf6 26. Nc5 Qe7 27.
Nxe6 Qxe6 28. Nd3 R5d6 29. Nf4 Qh6 30. Qc5 Qg5 31. Nxh5 Qxh5 32. e4 Rh6 33. h3
fxe4 34. fxe4 Qh4 35. e5 Rg6 36. Re3 Qg5 37. Re2 Qf5 38. e6 Qxh3 39. e7 Re8 40.
Qc4+ Kh8 41. Qf7 1-0

[Event "RUS-chT"]
[Site "Tomsk"]
[Date "2001.05.21"]
[Round "8"]
[White "Balashov, Yuri"]
[Black "Kharlov, Andrei"]
[Result "1/2-1/2"]
[WhiteElo "2581"]
[BlackElo "2639"]
[PlyCount "30"]
[EventDate "2001.05.13"]
[EventType "team"]
[EventRounds "8"]
[EventCountry "RUS"]
[SourceTitle "CBM 082 ext"]
[Source "ChessBase"]
[SourceDate "2001.07.03"]
[SourceVersion "1"]
[SourceVersionDate "2001.07.03"]
[SourceQuality "1"]

1. e4 c5 2. Nc3 Nc6 3. g3 g6 4. Bg2 Bg7 5. d3 d6 6. f4 e5 7. Nh3 Nge7 8. O-O
exf4 9. Nxf4 O-O 10. Be3 Rb8 11. Qd2 b5 12. a3 a5 13. h3 b4 14. axb4 axb4 15.
Nd1 Nd4 1/2-1/2

[Event "Europe-Tartarstan m"]
[Site "Kazan"]
[Date "2001.08.16"]
[Round "2"]
[White "Kharlov, Andrei"]
[Black "Korchnoi, Viktor"]
[Result "1/2-1/2"]
[WhiteElo "2656"]
[BlackElo "2617"]
[PlyCount "131"]
[EventDate "2001.08.15"]
[EventType "team"]
[EventRounds "2"]
[EventCountry "RUS"]
[SourceTitle "CBM 085"]
[Source "ChessBase"]
[SourceDate "2001.11.13"]
[SourceVersion "1"]
[SourceVersionDate "2001.11.13"]
[SourceQuality "1"]

1. d4 Nf6 2. c4 e6 3. Nc3 Bb4 4. e3 b6 5. Nge2 Ne4 6. Bd2 Nxd2 7. Qxd2 d5 8.
cxd5 exd5 9. a3 Be7 10. g3 c6 11. Bg2 Nd7 12. O-O O-O 13. b4 a6 14. Nf4 Nf6 15.
Nd3 Bf5 16. Ne5 Rc8 17. Rac1 Nd7 18. Nxd7 Qxd7 19. Na4 Rb8 20. Qd1 Qe6 21. Rc3
Qg6 22. Qe2 b5 23. Nb2 a5 24. Rfc1 axb4 25. Rxc6 Rfc8 26. Rxc8+ Rxc8 27. Rxc8+
Bxc8 28. axb4 Qb1+ 29. Nd1 Be6 30. Bf1 Qxb4 31. Qxb5 Qxb5 32. Bxb5 Bb4 33. Nb2
Kf8 34. Nd3 Bc3 35. h4 g6 36. f3 h6 37. Ne5 Ke7 38. f4 Be1 39. Kg2 Kf6 40. Bd7
Bxd7 41. Nxd7+ Ke6 42. Nc5+ Ke7 43. Nd3 Bd2 44. Kf2 f5 45. Ne5 Kf6 46. g4 fxg4
47. Nxg4+ Kg7 48. Nh2 Ba5 49. Nf1 Bd8 50. Kg3 Kf6 51. Kg4 Ba5 52. h5 gxh5+ 53.
Kxh5 Be1 54. Kg4 h5+ 55. Kxh5 Kf5 56. Kh6 Kf6 57. Kh7 Bf2 58. Kg8 Be1 59. Kf8
Bh4 60. Nh2 Bg3 61. Nf1 Bh4 62. Ke8 Ke6 63. Nh2 Bf2 64. Ng4 Bg1 65. Kd8 Kf5 66.
Kd7 1/2-1/2